000 00525nam a2200181Ia 4500
008 090124s9999 xx 000 0 und d
082 _b132751
100 _aढवळीकर शेखर
245 _a नकळत सारे घडले
250 _a1
260 _c2004
300 _a123
600 _aढवळीकर शेखर
630 _a नकळत सारे घडले
700 _aढवळीकर शेखर
730 _a नकळत सारे घडले
942 _cBOOK
999 _c178885
_d178885